000 00466nam a2200181Ia 4500
001 23867
005 20260414151006.0
008 260414t2017||||xx |||||||||||||| ||spa||
041 _aESP
082 _a720.284
_bC235
110 _aCenter for Technical Knowledge
245 0 _aAutodesk Revit 2018 MEP fundamentals :
_bstudent guide
260 _c2017
300 _avarias paginaciones :
_c23 cm.
650 _aABD
654 _aCAU
942 _cLIB
_dJUS
_fJUS
_2ddc
_n
999 _c23867
_d23867